Neurociencias y deporte: psicología deportiva, procesos mentales del atleta
Gorde:
| Egile nagusia: | |
|---|---|
| Formatua: | Liburua |
| Hizkuntza: | gaztelania |
| Argitaratua: |
Barcelona
Paidotribo
2004
|
| Edizioa: | 1a. ed |
| Gaiak: | |
| Etiketak: |
Etiketa erantsi
Etiketarik gabe, Izan zaitez lehena erregistro honi etiketa jartzen!
|
MARC
| LEADER | 00000cam a2200000 a 4500 | ||
|---|---|---|---|
| 001 | UCL9788 | ||
| 003 | CL-VaPUC | ||
| 008 | 040827e20040000SP |||||||||||||||||spa|d | ||
| 020 | |a 8480196912 | ||
| 082 | 0 | 4 | |a 796.019 |b TAM |2 21 |
| 100 | 0 | |a Tamorri, Stefano |e author |9 487662 | |
| 245 | 1 | 0 | |a Neurociencias y deporte: psicología deportiva, procesos mentales del atleta |
| 250 | |a 1a. ed | ||
| 300 | |a 324 p | ||
| 942 | |c BK | ||
| 945 | |d 20040827 00:00:00 |a rbrito | ||
| 260 | |a Barcelona |b Paidotribo |c 2004 | ||
| 650 | 7 | |a PSICOLOGIA DEL DEPORTE |2 CL-VaPUC |9 307386 | |
| 650 | 7 | |a DEPORTISTAS |2 CL-VaPUC |9 487663 | |
| 650 | 7 | |a NEUROFISIOLOGIA |2 CL-VaPUC |9 487664 | |
| 650 | 0 | |a Neuropsicología |9 270837 | |
| 650 | 0 | |a Sistema nervioso |9 266815 | |
| 650 | 7 | |a PSICOMOTRICIDAD |2 CL-VaPUC |9 241072 | |
| 650 | 0 | |a Aptitud motora |9 307353 | |
| 650 | 0 | |a Cognición |9 270347 | |
| 650 | 0 | |a Memoria |9 266549 | |
| 650 | 0 | |a Emociones |9 265224 | |
| 650 | 0 | |a Personalidad |9 307255 | |
| 583 | |a last modification |c 20131018 06:41:34 |k Rodrigo Vera | ||
| 999 | |c 310432 |d 310430 | ||
| 952 | |0 0 |1 0 |4 0 |6 796_019000000000000_TAM_2004 |7 0 |8 A |9 378854 |a BIBEDU |b BIBEDU |d 2019-11-21 |i 404844K |o 796.019 TAM 2004 |p 404844K |r 2019-11-21 |w 2019-11-21 |y BK |k EFI | ||
| 952 | |0 0 |1 0 |3 erd |4 0 |6 796_019000000000000_TAM_2004 |7 0 |8 A |9 378855 |a BIBEDU |b BIBEDU |d 2019-11-21 |i 5022908 |o 796.019 TAM 2004 |p 5022908 |r 2019-11-21 |w 2019-11-21 |y BK |z Catalogado en:20131025 |k EFI | ||
| 952 | |0 0 |1 0 |3 erd |4 0 |6 796_019000000000000_TAM_2004 |7 0 |8 A |9 378856 |a BIBEDU |b BIBEDU |d 2019-11-21 |i 5022916 |o 796.019 TAM 2004 |p 5022916 |r 2019-11-21 |w 2019-11-21 |y BK |z Catalogado en:20131025 |k EFI | ||
| 952 | |0 0 |1 0 |3 erd |4 0 |6 796_019000000000000_TAM_2004 |7 0 |8 A |9 378857 |a BIBEDU |b BIBEDU |i 5140749 |o 796.019 TAM 2004 |p 5140749 |r 2019-11-21 |w 2019-11-21 |y BK |z Catalogado en:20150312 |k EFI | ||
| 952 | |0 0 |1 0 |3 erd |4 0 |6 796_019000000000000_TAM_2004 |7 0 |8 A |9 378858 |a BIBEDU |b BIBEDU |i 5140757 |o 796.019 TAM 2004 |p 5140757 |r 2019-11-21 |w 2019-11-21 |y BK |z Catalogado en:20150312 |k EFI | ||